Padesát akvisitněexklusivních kněhoznaček od takového též rytce aequilibristicky exlibristně sázených i rytých, nyní pak pro potěšení skalních oplesků sběráků v něco málo exemplářích vydaných v březnu roku 1952 /

Hlavní autor: Váchal, Josef, 1884-1969
Korporativní autor: Studio Marvil
Další autoři: Drtina, Luboš, 1963-, Typovský, Radek, 1970-
Jazyk: Čeština
Vydáno: Praha ; Litomyšl : Paseka, 2014
Vydání: Vyd. 1.
Témata:
Fyzický popis: [56] l. : il. (některé barev.) ; 28 cm
Knihy
Uloženo v:
LEADER 02440nam a2200637 a 4500
001 nkc20142627247
003 CZ PrNK
005 20200910140610.0
007 ta
008 140929s2014 xr a e c 000 pdcze
015 |a cnb002627247 
020 |a 978-80-7432-516-8  |q (váz.) 
035 |a (OCoLC)897869683 
040 |a ABA001  |b cze 
043 |a e-xr--- 
045 |a x5x5 
072 7 |a 095/096  |x Vzácná díla  |2 Konspekt  |9 12 
080 |a 097  |2 MRF 
080 |a 82-7  |2 MRF 
080 |a 929-058.1  |2 MRF 
080 |a (437.3)  |2 MRF 
080 |a 821.162.3-1  |2 MRF 
080 |a (0.027.6)  |2 MRF 
080 |a (0.045)  |2 MRF 
080 |a (0:82-17)  |2 MRF 
100 1 |a Váchal, Josef,  |d 1884-1969  |7 jk01141125  |4 aut  |4 ill 
245 1 0 |a Padesát akvisitněexklusivních kněhoznaček od takového též rytce aequilibristicky exlibristně sázených i rytých, nyní pak pro potěšení skalních oplesků sběráků v něco málo exemplářích vydaných v březnu roku 1952 /  |c Josef Váchal ; [technická redakce a obálka Luboš Drtina ; příprava reprodukcí pro tisk Radek Typovský - Studio Marvil] 
250 |a Vyd. 1. 
260 |a Praha ;  |a Litomyšl :  |b Paseka,  |c 2014 
300 |a [56] l. :  |b il. (některé barev.) ;  |c 28 cm 
500 |a Bibliofilie 
580 |a Reprint původního vyd. z r. 1952 
648 7 |a 20. století  |7 ch460558  |2 czenas 
648 4 |a 1952 
650 0 7 |a exlibris  |7 ph120100  |z Česko  |y 20. století  |2 czenas 
650 0 7 |a exlibris  |7 ph120100  |x humor  |2 czenas 
650 0 7 |a osobnosti  |7 ph115615  |z Česko  |y 20. století  |2 czenas 
650 0 9 |a bookplates  |z Czechia  |y 20th century  |2 eczenas 
650 0 9 |a bookplates  |x humor  |2 eczenas 
650 0 9 |a celebrities  |z Czechia  |y 20th century  |2 eczenas 
655 7 |a bibliofilie  |7 fd131893  |2 czenas 
655 7 |a reprinty  |7 fd133253  |2 czenas 
655 7 |a česká poezie  |7 fd133958  |2 czenas 
655 7 |a satirická poezie  |7 fd218991  |2 czenas 
655 9 |a bibliophilie  |2 eczenas 
655 9 |a reprints  |2 eczenas 
655 9 |a Czech poetry  |2 eczenas 
655 9 |a satirical poetry  |2 eczenas 
700 1 |a Drtina, Luboš,  |d 1963-  |7 jo2003193234  |4 edt  |4 bjd 
700 1 |a Typovský, Radek,  |d 1970-  |7 jo2014842307  |4 dsr 
710 2 |a Studio Marvil  |7 kn20141007012 
910 2 |a BOA001  |b 3-1337.689 
990 |a BK 
995 |a 01 
991 |b 201412  |c NOV  |e b 
996 6 |b 2610614151  |c 3-1337.689  |l MZK  |r Sklad / do 1 hodiny  |n 3  |p p.v.  |w 001476547  |u 000010  |a 1  |e BOA001  |j MZK50  |s P